000 00731nam a2200229 4500
999 _c10854
_d10854
001 10854
003 BD-JhCC
005 20191029134018.0
008 190522b2018 bd ||||| a||| 00| 0 bd d
020 _a9879848058114
035 _a(BD-JhCC)10854
040 _aBD-JhCC
_dBD-JhCC
041 _aeng
082 _bUDA 2018
_a530
100 _aউদয়, তৌহিদুর রহমান
245 _aকণা কোয়ান্টাম পরিচিতি /
_cতৌহিদুর রহমান উদয়,
260 _aঢাকা, বাংলাদেশ:
_bতাম্রলিপি,
_c2018.
300 _a110 p.
_bIncluded
_c21 cm.
650 _aPhysics
942 _2ddc
_cBK
_02